000 00631nam a2200241 a 4500
001 0001-1284
003 ELIB.Books
008 150630 2010 eng
020 _a0800712781
035 _a(ELIB.Books)0001-1439
092 _a248.4
_bPea
100 _aPeale, Norman Vincent
245 _aHow to Make Positive Imaging Work for You
260 _aPawling
_bFoundation for Christian Living
_c1982
300 _a192
_c21 Cm
500 _aLibrary
650 _aChristian Life
856 _nKBTS: Library
_uKBTS: Elib
942 _2ddc
_cBK
990 _a1
998 _cbat
_e2015-06-30
999 _c11284
_d11284